[Event "OBEM 2016"]
[Site "Germany , Bremen"]
[Date "2016.03.19"]
[Round "1.1"]
[White "Hoffer, Hayo"]
[Black "Jugelt, Tobias"]
[Result "0-1"]
[WhiteElo "1847"]
[BlackElo "2427"]
[PlyCount "40"]

1. d4 d5 2. Nf3 Nf6 3. Bf4 e6 4. Nbd2 c5 5. c3 Nc6 6. e3 Bd6 7. Bxd6 Qxd6 8.
Bd3 O-O 9. Qe2 e5 10. dxe5 Nxe5 11. Nxe5 Qxe5 12. Nf3 Qe7 13. O-O Bg4 14. h3
Bh5 15. Rad1 Ne4 16. Bc2 Rad8 17. Rfe1 Ng5 18. Qd3 Bxf3 19. gxf3 Nxf3+ 20. Kf1
Qh4 0-1

[Event "OBEM 2016"]
[Site "Germany , Bremen"]
[Date "2016.03.19"]
[Round "1.2"]
[White "Margraf, Daniel"]
[Black "Hentrop, Malte"]
[Result "1-0"]
[WhiteElo "2219"]
[BlackElo "1847"]
[PlyCount "51"]

1. e4 e5 2. Nf3 Nc6 3. d4 exd4 4. Nxd4 Bc5 5. Nb3 Bb6 6. Nc3 d6 7. Qe2 Nd4 8.
Nxd4 Bxd4 9. Bd2 Ne7 10. O-O-O O-O 11. f4 a6 12. g4 b5 13. Bg2 Bb7 14. Rhe1 Bb6
15. h4 Nc6 16. Nd5 Nd4 17. Qd3 c5 18. Nxb6 Qxb6 19. Be3 Nc6 20. Qxd6 Qa5 21.
Kb1 Nb4 22. a3 Nxc2 23. Kxc2 Rfd8 24. Qe7 Rxd1 25. Rxd1 Qa4+ 26. b3 1-0

[Event "OBEM 2016"]
[Site "Germany , Bremen"]
[Date "2016.03.19"]
[Round "1.3"]
[White "Sommer, Andreas"]
[Black "Issing, Peter"]
[Result "0-1"]
[WhiteElo "1821"]
[BlackElo "2199"]
[PlyCount "54"]

1. d4 Nf6 2. c4 e6 3. Nf3 b6 4. Bg5 Bb7 5. Nbd2 h6 6. Bh4 Be7 7. e3 O-O 8. Bd3
d5 9. O-O Nbd7 10. Qe2 c5 11. Rfd1 Ne4 12. Bxe7 Qxe7 13. Rac1 Rad8 14. Bb1 f5
15. cxd5 exd5 16. Ne1 c4 17. Qh5 Rde8 18. Nef3 Qf7 19. Qh4 b5 20. Nf1 Qf6 21.
Qf4 g5 22. Qc7 Qc6 23. Qxc6 Bxc6 24. Ng3 b4 25. Nxe4 fxe4 26. Nd2 Nb6 27. Nb3
Ba4 0-1

[Event "OBEM 2016"]
[Site "Germany , Bremen"]
[Date "2016.03.19"]
[Round "1.4"]
[White "Hundack, Rolf"]
[Black "Nancheva, Doroteya"]
[Result "1/2-1/2"]
[WhiteElo "2175"]
[BlackElo "1796"]
[PlyCount "95"]

1. c4 Nf6 2. g3 g6 3. Bg2 Bg7 4. Nf3 O-O 5. O-O c6 6. Nc3 d5 7. cxd5 cxd5 8. d4
Qb6 9. Na4 Qb5 10. Bf4 Nc6 11. Rc1 Ne4 12. b3 Bf5 13. Nc5 Rac8 14. Be3 b6 15.
a4 Qb4 16. Nd3 Qd6 17. Bf4 Qe6 18. Be3 Bg4 19. Nf4 Qd6 20. h3 Bxf3 21. Bxf3 e6
22. Kg2 Qb4 23. Nd3 Qd6 24. Bf4 Qe7 25. Ne5 Nxe5 26. dxe5 g5 27. Be3 Bxe5 28.
Bxe4 dxe4 29. Qd2 h6 30. Rh1 Qd6 31. Qa2 Rxc1 32. Rxc1 Kg7 33. Qc2 Rd8 34. Qxe4
Qd5 35. Qxd5 Rxd5 {(=)} 36. Rc8 Bd4 37. Bxd4+ Rxd4 38. Rc7 a5 39. Kf3 Rb4 40.
Rc3 f5 41. Ke3 Kf6 42. Kd3 Ke5 43. Kc2 h5 44. Rc8 h4 45. Rg8 Kf6 46. gxh4 Rxh4
47. Rb8 Rb4 48. Rf8+ 1/2-1/2

[Event "OBEM 2016"]
[Site "Germany , Bremen"]
[Date "2016.03.19"]
[Round "1.5"]
[White "Niefuend, Michael"]
[Black "Pienski, Olaf"]
[Result "0-1"]
[WhiteElo "1795"]
[BlackElo "2167"]
[PlyCount "72"]

1. Nf3 Nf6 2. d4 d6 3. Bf4 Nbd7 4. h3 g6 5. c4 Bg7 6. Nc3 O-O 7. g4 c5 8. d5 a6
9. a4 Qa5 10. Bd2 Qc7 11. Bf4 b6 12. Bg2 Bb7 13. O-O Rad8 14. Qd2 Ne5 15. Nxe5
dxe5 16. Bg3 h5 17. g5 Ne8 18. e4 Nd6 19. Qe2 Bc8 20. Rae1 f6 21. gxf6 exf6 22.
f4 Qe7 23. Kh2 Bd7 24. Rg1 exf4 25. Bxf4 Nf7 26. Bc7 Rc8 27. Bxb6 Qd6+ 28. e5
Nxe5 29. Kh1 Qxb6 30. Ne4 Qb3 31. Rc1 Qd3 32. Qf2 Bxh3 33. Rc3 Bxg2+ 34. Qxg2
Qd4 35. Rh3 Ng4 36. b3 Qxe4 0-1

[Event "OBEM 2016"]
[Site "Germany , Bremen"]
[Date "2016.03.19"]
[Round "1.6"]
[White "Brinkmann, Fabian"]
[Black "Bruening, Martin"]
[Result "1-0"]
[WhiteElo "2154"]
[BlackElo "1777"]
[PlyCount "49"]

1. e4 c6 2. Nc3 d5 3. Qf3 dxe4 4. Nxe4 Nd7 5. d4 Ngf6 6. Bc4 e6 7. Bg5 Be7 8.
Nxf6+ Bxf6 9. Be3 Nb6 10. Bb3 O-O 11. O-O-O Nd5 12. h4 Nxe3 13. fxe3 a5 14. c3
a4 15. Bc2 Qd5 16. e4 Qxa2 17. e5 Be7 18. Qh5 g6 19. Qh6 Re8 20. h5 Bf8 21. Qf4
Qa1+ 22. Kd2 Qxb2 23. hxg6 hxg6 24. Rf1 f5 25. exf6 1-0

[Event "OBEM 2016"]
[Site "Germany , Bremen"]
[Date "2016.03.19"]
[Round "1.7"]
[White "Goes, Carsten"]
[Black "Sawadkuhi, Massoud Armin"]
[Result "0-1"]
[WhiteElo "1770"]
[BlackElo "2149"]
[PlyCount "88"]

1. d4 Nf6 2. c4 c5 3. d5 e5 4. Nc3 d6 5. e4 Be7 6. g3 Na6 7. Bg2 Nc7 8. Nge2
Rb8 9. a4 a6 10. a5 O-O 11. O-O Nd7 12. f4 exf4 13. gxf4 Bf6 14. Ng3 b5 15.
cxb5 Nxb5 16. Nxb5 Rxb5 17. Qd2 Re8 18. Ra4 Nf8 19. b4 cxb4 20. Rxb4 Qxa5 21.
Rxb5 Qxd2 22. Bxd2 Bd4+ 23. Kh1 axb5 24. Rb1 Bd7 25. Ba5 Bc5 26. Bf3 Ra8 27.
Bb4 Bxb4 28. Rxb4 Ra1+ 29. Kg2 Ng6 30. Ne2 Nh4+ 31. Kg3 Nxf3 32. Kxf3 Ra3+ 33.
Kf2 Ra4 34. Rxa4 bxa4 35. Nc3 a3 36. Ke3 Kf8 37. Kd2 Ke7 38. e5 Ba4 39. Kc1 Bb3
40. Nb5 dxe5 41. d6+ Kd7 42. fxe5 a2 43. Kb2 Be6 44. Nd4 f6 0-1

[Event "OBEM 2016"]
[Site "Germany , Bremen"]
[Date "2016.03.19"]
[Round "1.8"]
[White "Steingraeber, Kai Uwe"]
[Black "Zhong, Xianghui"]
[Result "1/2-1/2"]
[WhiteElo "2147"]
[BlackElo "1765"]
[PlyCount "110"]

1. e4 c5 2. Nf3 d6 3. d4 cxd4 4. Nxd4 Nf6 5. Nc3 g6 6. Be3 Bg7 7. f3 O-O 8. Qd2
Nc6 9. O-O-O Bd7 10. g4 Rc8 11. h4 Qa5 12. Nb3 Qd8 13. h5 a5 14. hxg6 fxg6 15.
Bc4+ Kh8 16. Nd5 e6 17. Bb6 Qe8 18. Nxf6 Bxf6 19. Kb1 a4 20. Nc1 Ne5 21. Be2
Nc4 22. Bxc4 Rxc4 23. Qxd6 Rf7 24. Bd4 Bxd4 25. Rxd4 Rxd4 26. Qxd4+ e5 27. Qc3
Kg8 28. Nd3 Rxf3 29. Qxe5 Qf7 30. g5 Rf1+ 31. Rxf1 Qxf1+ 32. Nc1 Bc6 33. Qe6+
Qf7 34. Qe5 Qf3 35. Qe6+ Qf7 36. Qe5 Qf3 37. Qb8+ Qf8 38. Qc7 Qf7 39. Qd8+ Qe8
40. Qxe8+ Bxe8 41. Nd3 Bc6 42. e5 Kg7 43. c4 h6 44. gxh6+ Kxh6 45. Kc2 g5 46.
Kc3 Kg6 47. Kd4 Kf5 48. b4 g4 49. b5 g3 50. Ne1 g2 51. Nxg2 Bxg2 52. c5 Ke6 53.
c6 bxc6 54. bxc6 Bxc6 55. Kc3 Kxe5 1/2-1/2

[Event "OBEM 2016"]
[Site "Germany , Bremen"]
[Date "2016.03.19"]
[Round "1.9"]
[White "Hoose, Hannelore"]
[Black "Boehning, Kilian"]
[Result "0-1"]
[WhiteElo "1748"]
[BlackElo "2141"]
[PlyCount "58"]

1. e4 e5 2. Nf3 Nc6 3. Bb5 a6 4. Ba4 Nf6 5. d3 b5 6. Bb3 Be7 7. Bd5 Nxd5 8.
exd5 Nb4 9. Nxe5 Bf6 10. Nf3 Qe7+ 11. Kd2 O-O 12. c4 bxc4 13. dxc4 Qe4 14. Qb3
a5 15. a3 Na6 16. Re1 Qg4 17. g3 Nc5 18. Qe3 Qxc4 19. Nc3 Nb3+ 20. Kc2 Nxa1+
21. Kb1 Bxc3 22. bxc3 Nb3 23. Rd1 d6 24. Ne1 Rb8 25. Bb2 Bf5+ 26. Nc2 Rfe8 27.
Qf3 Bg4 28. Qd3 Bxd1 29. Qxc4 Nd2+ 0-1

[Event "OBEM 2016"]
[Site "Germany , Bremen"]
[Date "2016.03.19"]
[Round "1.10"]
[White "Peters, Frank"]
[Black "Wundahl, Juergen"]
[Result "1-0"]
[WhiteElo "2133"]
[BlackElo "1726"]
[PlyCount "45"]

1. c4 c5 2. Nc3 Nc6 3. g3 g6 4. Bg2 Bg7 5. Nf3 Nf6 6. O-O O-O 7. d4 cxd4 8.
Nxd4 Nxd4 9. Qxd4 d6 10. Qd3 Rb8 11. Rd1 b6 12. e4 Ba6 13. b3 Qc7 14. Bb2 Rbd8
15. Rac1 Bb7 16. Qe2 Bc6 17. Nd5 Qb7 18. Nxf6+ exf6 19. f3 Rfe8 20. Qd2 f5 21.
Bxg7 Kxg7 22. exf5 Bxf3 23. Qc3+ 1-0

[Event "OBEM 2016"]
[Site "Germany , Bremen"]
[Date "2016.03.19"]
[Round "1.11"]
[White "Schwenke, Stefan"]
[Black "Kardoeus, David"]
[Result "1/2-1/2"]
[WhiteElo "1714"]
[BlackElo "2110"]
[PlyCount "186"]

1. e4 e5 2. Nf3 Nc6 3. Nc3 Nf6 4. d4 exd4 5. Nxd4 Bb4 6. Qd3 O-O 7. Be2 Re8 8.
f3 d5 9. Nxc6 bxc6 10. Bg5 Rb8 11. O-O-O Bxc3 12. Qxc3 Nxe4 13. Bxd8 Nxc3 14.
bxc3 Rxd8 15. Rd4 Re8 16. Kd2 Rb2 17. Ra4 Bf5 18. Rc1 Bxc2 19. Rxc2 Rxe2+ 20.
Kxe2 Rxc2+ 21. Kd3 Rxg2 22. Rxa7 Kf8 23. a4 Ra2 24. Rxc7 Rxa4 25. Rc8+ Ke7 26.
Rc7+ Ke6 27. Rxc6+ Kd7 28. Rb6 Rh4 29. Rb2 Ke6 30. Ke3 {(=)} g5 31. Rg2 f6 32.
Re2 Ke5 33. Kf2+ Kd6 34. Kg3 h5 35. Ra2 Rc4 36. Ra6+ Ke5 37. Ra3 h4+ 38. Kh3
Kf4 39. Kg2 Ke3 40. Ra5 Rxc3 41. Rxd5 Rc2+ 42. Kh3 Rc4 43. Kg2 {(=)} Rd4 44.
Rf5 Rf4 45. Ra5 {(=)} h3+ 46. Kxh3 Kxf3 47. Ra3+ Ke4 48. Kg3 Kf5 49. Ra5+ Kg6
50. Ra6 Re4 51. Kf3 Rd4 52. Rb6 Kf5 53. Rb5+ Ke6 54. Kg3 f5 55. Rb3 Rg4+ 56.
Kh3 Rd4 57. Kg3 Kd5 58. Kf3 Ke5 59. Re3+ Re4 60. Ra3 Rd4 61. Re3+ Kd5 62. Ra3
g4+ 63. Kf2 f4 64. Ra5+ Ke4 65. Ra2 Rc4 66. Rd2 Rd4 67. Ra2 Rc4 68. Rd2 Rc3 69.
Ra2 Kd3 70. Ra4 Rc2+ 71. Kg1 Rc4 72. Ra3+ Rc3 73. Ra6 Ke3 74. Re6+ Kf3 75. Re1
g3 76. hxg3 Kxg3 77. Kf1 Rf3+ 78. Kg1 Rf2 79. Re8 Kf3 80. Rb8 Rg2+ 81. Kf1 Re2
82. Rb3+ Re3 83. Rb2 Ke4 84. Kf2 Rh3 85. Re2+ Kf5 86. Re8 Rh2+ 87. Kf3 Rb2 88.
Rf8+ Kg5 89. Rg8+ Kf5 90. Rf8+ {(=)} Ke6 91. Rxf4 Rb5 92. Re4+ Re5 93. Rxe5+
Kxe5 1/2-1/2

[Event "OBEM 2016"]
[Site "Germany , Bremen"]
[Date "2016.03.19"]
[Round "1.12"]
[White "Balazs, Balint"]
[Black "Holtermann, Klaas"]
[Result "1-0"]
[WhiteElo "2101"]
[BlackElo "1714"]
[PlyCount "35"]

1. e4 e6 2. d4 d5 3. Nd2 Nc6 4. c3 Nf6 5. e5 Nd7 6. f4 Be7 7. Bd3 O-O 8. Ndf3
f6 9. Nh3 Qe8 10. Be3 Nd8 11. Qc2 Qh5 12. O-O-O c5 13. exf6 Nxf6 14. dxc5 Nc6
15. Nhg5 g6 16. h3 Qh6 17. g4 Nd7 18. Nxe6 1-0

[Event "OBEM 2016"]
[Site "Germany , Bremen"]
[Date "2016.03.19"]
[Round "1.13"]
[White "Ficken, Hartmut"]
[Black "Webner, Dennis"]
[Result "0-1"]
[WhiteElo "1714"]
[BlackElo "2067"]
[PlyCount "32"]

1. e4 Nc6 2. f4 e5 3. Nf3 exf4 4. d4 d5 5. exd5 Qxd5 6. Bxf4 Bg4 7. Be2 O-O-O
8. c3 g5 9. Nxg5 Re8 10. Nf3 Bxf3 11. gxf3 Nf6 12. Nd2 Rg8 13. Kf2 Nxd4 14. Bc4
Qf5 15. cxd4 Qxf4 16. Nb3 Ng4+ 0-1

[Event "OBEM 2016"]
[Site "Germany , Bremen"]
[Date "2016.03.19"]
[Round "1.14"]
[White "Pautz, Peter"]
[Black "Sinnhoefer, Jonas"]
[Result "1-0"]
[WhiteElo "2066"]
[BlackElo "1690"]
[PlyCount "89"]

1. d4 Nf6 2. Bg5 g6 3. Bxf6 exf6 4. e3 Bg7 5. Bd3 O-O 6. h4 f5 7. h5 d5 8. Qf3
Re8 9. Ne2 c5 10. c3 cxd4 11. cxd4 Qb6 12. Nbc3 Nc6 13. hxg6 hxg6 14. Nxd5 Qxb2
15. Rb1 Qa3 16. Bb5 Qa5+ 17. Ndc3 Bd7 18. O-O a6 19. Bc4 b5 20. Bb3 Rac8 21.
Rfc1 Ne7 22. Nd5 Nxd5 23. Bxd5 Rxc1+ 24. Rxc1 Rc8 25. Rxc8+ Bxc8 26. Nf4 Qc3
27. Nxg6 Qc1+ 28. Kh2 Bxd4 29. Ne7+ Kf8 30. Nxc8 Be5+ 31. g3 Qxc8 32. Bb7 Qe6
33. Bd5 Qd7 34. Kg2 a5 35. Bb3 f6 36. Qa8+ Kg7 37. Qxa5 Qc6+ 38. Kh2 Qf3 39.
Qe1 Bc3 40. Qf1 Be5 41. Qg2 Qe2 42. Qb7+ Kh6 43. Kg2 Bc3 44. Qc8 Qd3 45. Qf8+
1-0

[Event "OBEM 2016"]
[Site "Germany , Bremen"]
[Date "2016.03.19"]
[Round "1.15"]
[White "Weinitschke, Harald"]
[Black "Stieglitz, Dirk"]
[Result "0-1"]
[WhiteElo "1687"]
[BlackElo "2064"]
[PlyCount "58"]

1. Nf3 d5 2. d4 c6 3. g3 Bf5 4. Bg2 h6 5. O-O Nd7 6. Bf4 g5 7. Bd2 Bg7 8. c3
Ngf6 9. Re1 Ne4 10. e3 Qc7 11. Na3 h5 12. h4 Bg4 13. Qc2 Bxf3 14. Bxf3 gxh4 15.
Bxe4 dxe4 16. Qxe4 hxg3 17. fxg3 O-O-O 18. Qf4 e5 19. Qf3 Rdg8 20. Re2 exd4 21.
exd4 Bxd4+ 22. Kg2 h4 23. Bf4 Be5 24. Rxe5 Nxe5 25. Qe3 f6 26. Nc4 Nxc4 27.
Qe6+ Qd7 28. Qxc4 hxg3 29. Bxg3 Qh3+ 0-1

[Event "OBEM 2016"]
[Site "Germany , Bremen"]
[Date "2016.03.19"]
[Round "1.16"]
[White "Buescher, Andre"]
[Black "Ungar, Benedict"]
[Result "1-0"]
[WhiteElo "2059"]
[BlackElo "1678"]
[PlyCount "37"]

1. d4 Nc6 2. c4 e5 3. Nf3 exd4 4. Nxd4 Bc5 5. Nb3 Be7 6. Nc3 Nf6 7. e4 d6 8.
Be2 O-O 9. O-O Ne5 10. Nd4 c6 11. f4 Nfd7 12. fxe5 dxe5 13. Nf5 Bc5+ 14. Kh1 a6
15. Qd3 Nf6 16. Qg3 Bxf5 17. Rxf5 Qd4 18. Bh6 Ne8 19. Rd1 1-0

[Event "OBEM 2016"]
[Site "Germany , Bremen"]
[Date "2016.03.19"]
[Round "1.17"]
[White "Proske, Matthias"]
[Black "Lorenzen, Bjoern"]
[Result "0-1"]
[WhiteElo "1666"]
[BlackElo "2030"]
[PlyCount "86"]

1. Nf3 d5 2. d4 Nf6 3. g3 c6 4. Bg2 Bf5 5. Nbd2 Nbd7 6. c4 e6 7. O-O Bd6 8. b3
h6 9. Bb2 Qc7 10. Rc1 Ne4 11. cxd5 exd5 12. Nh4 Bh7 13. Nxe4 dxe4 14. d5 O-O
15. Bh3 f5 16. dxc6 bxc6 17. e3 g5 18. Nxf5 Bxf5 19. Bxf5 Rxf5 20. Qg4 Raf8 21.
Qxe4 Nc5 22. Qd4 Be5 23. Qc4+ Qf7 24. Qxf7+ R8xf7 25. Ba3 Nd3 26. Rc2 c5 27.
Rd2 Nb4 28. Bc1 g4 29. a3 Nc6 30. Rc2 Bg7 31. b4 Ne5 32. e4 Nf3+ 33. Kg2 Rh5
34. Rh1 cxb4 35. axb4 Rxh2+ 36. Rxh2 Ne1+ 37. Kf1 Nxc2 38. b5 Nd4 39. Rh4 Nf3
40. Rh5 Re7 41. Bxh6 Bxh6 42. Rxh6 Rxe4 43. Rg6+ Kf7 0-1

[Event "OBEM 2016"]
[Site "Germany , Bremen"]
[Date "2016.03.19"]
[Round "1.18"]
[White "Mueller, Wolfgang"]
[Black "Gerken, Juergen"]
[Result "1-0"]
[WhiteElo "2018"]
[BlackElo "1630"]
[PlyCount "91"]

1. e4 d5 2. exd5 Qxd5 3. Nc3 Qa5 4. d4 c6 5. Bc4 Bf5 6. Bd2 e6 7. g4 Bg6 8. Nf3
Nd7 9. Qe2 Bb4 10. O-O-O Ne7 11. a3 Bxc3 12. Bxc3 Qc7 13. Ne5 O-O-O 14. Kb1 Nd5
15. Bd2 Nxe5 16. dxe5 h5 17. Bg5 Rd7 18. h3 Qb6 19. Ka1 Qc5 20. Bb3 Nb6 21. f3
Re8 22. Bh4 hxg4 23. hxg4 Rh8 24. Bf2 Rxd1+ 25. Rxd1 Qe7 26. f4 Rh2 27. Qe3 Kc7
28. c4 Rg2 29. Qf3 Rh2 30. Qg3 Rh8 31. f5 exf5 32. e6+ Kc8 33. Bxb6 axb6 34.
Rd7 f4 35. Qxf4 Rh1+ 36. Bd1 Rxd1+ 37. Rxd1 Qxe6 38. Qd4 Qe7 39. Qxb6 Bc2 40.
Rh1 Qd8 41. Qa7 Qg5 42. c5 Bh7 43. Qa8+ Kc7 44. Qf8 Qxg4 45. Qd6+ Kc8 46. Rxh7
1-0

[Event "OBEM 2016"]
[Site "Germany , Bremen"]
[Date "2016.03.19"]
[Round "1.19"]
[White "Zimmermann, Erik"]
[Black "Rosin, Julius"]
[Result "0-1"]
[WhiteElo "1626"]
[BlackElo "1996"]
[PlyCount "38"]

1. e4 e5 2. Nf3 Nc6 3. Nc3 Nf6 4. d4 Bb4 5. Bg5 h6 6. Bxf6 Qxf6 7. dxe5 Nxe5 8.
Nxe5 Qxe5 9. Qd3 O-O 10. O-O-O Bxc3 11. bxc3 d6 12. Qd4 Be6 13. Kb2 Qa5 14. a3
c5 15. Qd3 b5 16. Be2 b4 17. c4 Rab8 18. Ka2 Rb6 19. Rb1 Bxc4+ 0-1

[Event "OBEM 2016"]
[Site "Germany , Bremen"]
[Date "2016.03.19"]
[Round "1.20"]
[White "Michael, Janfried"]
[Black "Bensmann, Jannis"]
[Result "1-0"]
[WhiteElo "1995"]
[BlackElo "1566"]
[PlyCount "51"]

1. e4 d5 2. exd5 Qxd5 3. Nc3 Qa5 4. d4 Nf6 5. Bc4 Nc6 6. Nge2 Bg4 7. f3 Bf5 8.
Bd2 Qb4 9. b3 O-O-O 10. Nb5 Nxd4 11. Nexd4 Qc5 12. Nxf5 Qxf5 13. Nxa7+ Kb8 14.
Nb5 e5 15. Qe2 c6 16. g4 Qd7 17. Qxe5+ Ka8 18. Nc7+ Kb8 19. Nb5+ Ka8 20. O-O-O
cxb5 21. Bb4 Qc8 22. Qxb5 Bxb4 23. Qxb4 Qc6 24. Qa5+ Kb8 25. Rxd8+ Rxd8 26.
Qxd8+ 1-0

[Event "OBEM 2016"]
[Site "Germany , Bremen"]
[Date "2016.03.19"]
[Round "1.21"]
[White "Laubrock, Sophia"]
[Black "Meyer, Irmin"]
[Result "0-1"]
[WhiteElo "1550"]
[BlackElo "1993"]
[PlyCount "46"]

1. d4 Nf6 2. c4 e6 3. Nc3 Bb4 4. Bg5 c5 5. d5 exd5 6. cxd5 d6 7. Nf3 Nbd7 8. a3
Ba5 9. e4 h6 10. Bxf6 Qxf6 11. Qc2 O-O 12. Bd3 a6 13. O-O b5 14. a4 b4 15. Ne2
Re8 16. b3 Bb6 17. Ng3 Nf8 18. Rae1 Ng6 19. h3 Nf4 20. Qd2 Nxh3+ 21. Kh1 Nf4
22. Ng1 Qh4+ 23. Nh3 Bxh3 0-1

[Event "OBEM 2016"]
[Site "Germany , Bremen"]
[Date "2016.03.19"]
[Round "1.22"]
[White "Meyer, Thorsten"]
[Black "Seliskar, Henryk"]
[Result "1-0"]
[WhiteElo "1982"]
[BlackElo "1540"]
[PlyCount "83"]

1. e4 c5 2. Nf3 d6 3. d4 cxd4 4. Nxd4 Nc6 5. Be3 g6 6. Nc3 Bg7 7. Qd2 Nf6 8. f3
Bd7 9. O-O-O O-O 10. Kb1 Qa5 11. Be2 Rfc8 12. Nxc6 Bxc6 13. Nd5 Qxd2 14. Nxf6+
Bxf6 15. Rxd2 Rc7 16. g4 g5 17. h4 gxh4 18. g5 Bg7 19. Rxh4 Rd7 20. Bd3 e5 21.
Rdh2 f6 22. Rxh7 fxg5 23. Bxg5 Rf8 24. R7h3 Kf7 25. Be3 a6 26. c4 Ke8 27. Be2
Kd8 28. Kc2 Kc7 29. Kc3 Bf6 30. b4 b5 31. Kb3 Bg7 32. Rh1 bxc4+ 33. Bxc4 Bb5
34. Be6 Re7 35. Rc1+ Kb7 36. Bd5+ Kb8 37. a4 Bd7 38. Rg3 Be6 39. Bxe6 Rxe6 40.
Rxg7 Rxf3 41. Rc3 Re8 42. Ba7+ 1-0

[Event "OBEM 2016"]
[Site "Germany , Bremen"]
[Date "2016.03.19"]
[Round "1.23"]
[White "Bilau, Max"]
[Black "Buhrdorf, Axel"]
[Result "1/2-1/2"]
[WhiteElo "1511"]
[BlackElo "1974"]
[PlyCount "79"]

1. d4 e6 2. c4 d5 3. e3 Nf6 4. Nc3 Be7 5. Nf3 O-O 6. Be2 Nbd7 7. O-O dxc4 8.
Bxc4 b6 9. Bd2 Bb7 10. Rc1 c5 11. dxc5 Nxc5 12. Nd4 Rc8 13. Qe2 a6 14. a3 b5
15. Ba2 Nfe4 16. Nxe4 Nxe4 17. Rxc8 Qxc8 18. Rc1 Qd7 19. Ba5 Rc8 20. Rd1 Bd6
21. f3 Nf6 22. Bc3 Qe7 23. Qd2 Bc5 24. b4 Bb6 25. Nc2 Nd5 26. Bd4 Qc7 27. Bxb6
Nxb6 28. Bb3 Bd5 29. Bxd5 Nxd5 30. Nd4 Nb6 31. Nb3 Nc4 32. Qc1 Kf8 33. Nc5 a5
34. Qc3 axb4 35. axb4 Rd8 36. Rd4 Rxd4 37. Qxd4 Qd6 38. Qxd6+ Nxd6 39. Kf2 Ke7
40. e4 1/2-1/2

[Event "OBEM 2016"]
[Site "Germany , Bremen"]
[Date "2016.03.19"]
[Round "1.24"]
[White "Erofeev, Anastasia"]
[Black "Rose, Helmut"]
[Result "1-0"]
[WhiteElo "1947"]
[BlackElo "1511"]
[PlyCount "63"]

1. e4 e6 2. d4 c6 3. c3 d5 4. e5 Ne7 5. Nf3 Ng6 6. Bd3 Be7 7. Be3 O-O 8. Qc2
Nd7 9. h4 f5 10. exf6 Rxf6 11. Bg5 Rf7 12. Bxg6 hxg6 13. Qxg6 Nf8 14. Qc2 Qc7
15. Ne5 Rf5 16. g4 Rxe5+ 17. dxe5 Bxg5 18. hxg5 Qxe5+ 19. Qe2 Qxg5 20. Nd2 Qe7
21. Nf3 Ng6 22. Ne5 Nf4 23. Qc2 Qf6 24. Qh7+ Kf8 25. Nd3 Ng6 26. O-O-O e5 27.
f3 Kf7 28. Qh5 Be6 29. Rde1 e4 30. g5 Qf5 31. fxe4 Qg4 32. Ne5+ 1-0

[Event "OBEM 2016"]
[Site "Germany , Bremen"]
[Date "2016.03.19"]
[Round "1.25"]
[White "Kueck, Alexander"]
[Black "Ditmas, Hugh"]
[Result "0-1"]
[WhiteElo "1331"]
[BlackElo "1933"]
[PlyCount "68"]

1. e4 c5 2. Nf3 Nc6 3. d4 cxd4 4. Nxd4 Nf6 5. Nc3 e5 6. Nf3 Bb4 7. Bd2 Bxc3 8.
Bxc3 Nxe4 9. Be2 Nxc3 10. bxc3 d5 11. Qd2 f6 12. O-O O-O 13. Rfd1 Be6 14. h3
Qc7 15. Qe3 b6 16. Bb5 Na5 17. Nd2 Rfd8 18. f4 Rac8 19. Ba4 Qxc3 20. Qe2 Qd4+
21. Kh1 Qxa4 22. fxe5 fxe5 23. Nb3 Qe4 24. Qxe4 dxe4 25. Rac1 Nc4 26. Re1 e3
27. Re2 Rd6 28. Rce1 Rcd8 29. Nc1 Bf5 30. c3 Rd1 31. g4 Be4+ 32. Kh2 Bf3 33.
Rxd1 Rxd1 34. Rc2 Be4 0-1

[Event "OBEM 2016"]
[Site "Germany , Bremen"]
[Date "2016.03.19"]
[Round "1.26"]
[White "Jung, Gerald"]
[Black "Bilek, Thomas"]
[Result "1-0"]
[WhiteElo "1929"]
[BlackElo "1198"]
[PlyCount "71"]

1. Nc3 d5 2. e4 Nf6 3. d4 e6 4. Bg5 Be7 5. e5 Nfd7 6. h4 h6 7. Bxe7 Qxe7 8. Bd3
Nc6 9. Nf3 Qb4 10. a3 Qb6 11. Na4 Qa5+ 12. c3 b5 13. Nc5 Nxc5 14. dxc5 Ne7 15.
b4 Qa6 16. a4 Bd7 17. axb5 Qb7 18. c6 Bxc6 19. bxc6 Qxc6 20. Qa4 Qxa4 21. Rxa4
O-O 22. Ke2 Ng6 23. Bxg6 fxg6 24. Rha1 Rf7 25. Rxa7 Raf8 26. Ra8 Rxa8 27. Rxa8+
Kh7 28. Re8 c6 29. Nd4 Ra7 30. Nxe6 Ra2+ 31. Ke3 Rc2 32. Nf8+ Kg8 33. e6 Rxc3+
34. Kd2 Rb3 35. Nxg6+ Kh7 36. h5 1-0

[Event "OBEM 2016"]
[Site "Germany , Bremen"]
[Date "2016.03.19"]
[Round "1.27"]
[White "Kastens, Elmar"]
[Black "Heldt, Nils-Lennart"]
[Result "0-1"]
[WhiteElo "1905"]
[BlackElo "1928"]
[PlyCount "62"]

1. e4 e5 2. Nf3 Nc6 3. d4 exd4 4. c3 dxc3 5. Nxc3 Bb4 6. Bc4 d6 7. O-O Bxc3 8.
bxc3 Nf6 9. e5 dxe5 10. Qb3 O-O 11. Ng5 Qe8 12. Ba3 Na5 13. Qb4 b6 14. Bb5 Bd7
15. Bd3 c5 16. Qh4 h6 17. Ne4 Nxe4 18. Bxe4 Bc6 19. Rae1 Rd8 20. Bxc6 Nxc6 21.
Re3 Rd6 22. Bc1 Qd8 23. Qc4 Qf6 24. Rh3 Rfd8 25. Qg4 Qg6 26. Qe2 Rd3 27. f3
Rxc3 28. Rg3 Qf6 29. Re1 Nd4 30. Qe4 Rc2 31. Kh1 Rxa2 0-1

[Event "OBEM 2016"]
[Site "Germany , Bremen"]
[Date "2016.03.19"]
[Round "1.28"]
[White "Rieping, Heiner"]
[Black "Kropp, Joachim"]
[Result "1-0"]
[WhiteElo "1922"]
[BlackElo "1750"]
[PlyCount "51"]

1. e4 d5 2. exd5 Nf6 3. d4 Nxd5 4. c4 Nf6 5. Nc3 e6 6. Nf3 c5 7. Bf4 Nc6 8. Nb5
Qa5+ 9. Nd2 cxd4 10. Nc7+ Kd7 11. Nxa8 e5 12. Bg5 Bb4 13. Bxf6 gxf6 14. a3 Be7
15. Bd3 Ke8 16. b4 Qd8 17. Qf3 Bd7 18. Bf5 Qxa8 19. Bxd7+ Kxd7 20. Ne4 Qd8 21.
Kd2 Rg8 22. Qf5+ Kc7 23. Qxh7 Rxg2 24. Rhg1 Rxg1 25. Rxg1 Qe8 26. Rg8 1-0

[Event "OBEM 2016"]
[Site "Germany , Bremen"]
[Date "2016.03.19"]
[Round "1.29"]
[White "Kohlscheen, Jens"]
[Black "Grieme, Jens"]
[Result "1/2-1/2"]
[WhiteElo "1620"]
[BlackElo "1921"]
[PlyCount "81"]

1. e4 c6 2. d4 d5 3. Nc3 dxe4 4. Nxe4 Bf5 5. Ng3 Bg6 6. N1e2 e6 7. Nf4 Bd6 8.
h4 Qc7 9. Nxg6 hxg6 10. Qf3 Nf6 11. Bc4 Nbd7 12. Bd2 Nb6 13. Bb3 O-O-O 14. c3
Nbd5 15. Ne2 Ne7 16. O-O-O Nf5 17. g3 Kb8 18. Kb1 Nd5 19. c4 Nf6 20. c5 Nxd4
21. Nxd4 Bxc5 22. Ne2 Qb6 23. Nc3 Bd4 24. Be3 Bxe3 25. fxe3 Qb4 26. e4 Qe7 27.
Rh2 Nd7 28. Rhd2 Ne5 29. Qf4 f6 30. Ne2 c5 31. Nc3 a6 32. Rxd8+ Rxd8 33. Rxd8+
Qxd8 34. Bxe6 Qd3+ 35. Kc1 Ka7 36. Qf2 Qxc3+ 37. bxc3 Nd3+ 38. Kd2 Nxf2 39. Ke3
Nd1+ 40. Kd2 Nf2 41. Ke3 1/2-1/2

[Event "OBEM 2016"]
[Site "Germany , Bremen"]
[Date "2016.03.19"]
[Round "1.30"]
[White "Beinke, Lukas"]
[Black "Steingraeber, Hans-Joachim"]
[Result "1-0"]
[WhiteElo "1886"]
[BlackElo "1561"]
[PlyCount "47"]

1. e4 e5 2. Nf3 Nc6 3. Bc4 Bc5 4. c3 a6 5. d4 exd4 6. cxd4 Bb4+ 7. Nc3 b5 8.
Bd3 d6 9. Bg5 Nge7 10. h3 O-O 11. O-O Bxc3 12. bxc3 f6 13. Bd2 d5 14. Qc2 dxe4
15. Bxe4 f5 16. Bd3 Ng6 17. Qb3+ Kh8 18. Ng5 Qd7 19. Rfe1 Bb7 20. Ne6 Rf7 21.
Nc5 Na5 22. Nxd7 Nxb3 23. axb3 Nh4 24. Ne5 1-0

[Event "OBEM 2016"]
[Site "Germany , Bremen"]
[Date "2016.03.19"]
[Round "1.31"]
[White "Peine, Olaf"]
[Black "Hochhuth, Arnd"]
[Result "0-1"]
[WhiteElo "1504"]
[BlackElo "1882"]
[PlyCount "38"]

1. d4 Nf6 2. c4 g6 3. Nf3 Bg7 4. g3 O-O 5. Bg2 d6 6. Nc3 Nc6 7. a3 e5 8. dxe5
dxe5 9. Qxd8 Rxd8 10. O-O Be6 11. b3 e4 12. Ng5 Bf5 13. Ra2 Na5 14. Ngxe4 Nxe4
15. Nxe4 Nxb3 16. Bb2 Bxe4 17. Bxg7 Bxg2 18. Rb1 Be4 19. Rxb3 Rd1# 0-1

[Event "OBEM 2016"]
[Site "Germany , Bremen"]
[Date "2016.03.19"]
[Round "1.32"]
[White "Sausmikat, Armin"]
[Black "Nagel, Rudolf"]
[Result "1-0"]
[WhiteElo "1879"]
[BlackElo "1388"]
[PlyCount "69"]

1. e4 e5 2. Nf3 d6 3. d4 exd4 4. Nxd4 Nf6 5. Nc3 Be7 6. Be2 O-O 7. O-O a6 8. f4
c5 9. Nf3 Nc6 10. a4 b6 11. Bd3 h6 12. e5 dxe5 13. fxe5 Nxe5 14. Nxe5 Qd4+ 15.
Kh1 Qxe5 16. Bf4 Qe6 17. Qf3 Ra7 18. Rae1 Qd7 19. Rd1 Qe6 20. Rfe1 Qg4 21. Qf2
Re8 22. h3 Qh5 23. Re5 Ng4 24. Qe2 Qh4 25. Bg3 Qxg3 26. hxg4 Bxg4 27. Qe4 g6
28. Re1 Bf5 29. Qe2 Bxd3 30. cxd3 Rd7 31. Re3 Qh4+ 32. Rh3 Qd4 33. Rxh6 Qxd3
34. Qe5 Qd4 35. Rh8# 1-0